Nhìn lại tác động của quan hệ ASEAN-Trung Quốc đối với quan hệ Việt - Trung về tranh chấp chủ quyền trên biển giai đoạn 1991 - 2003 /

Bewaard in:
Bibliografische gegevens
Hoofdauteur: Nguyễn Công Khanh.
Andere auteurs: Trương Công Vĩnh Khanh.
Formaat: Artikel
Taal:Vietnamese
Onderwerpen:
Tags: Voeg label toe
Geen labels, Wees de eerste die dit record labelt!
Thư viện lưu trữ: Thư viện Trường Đại học Đà Lạt
LEADER 00998nam a2200301 4500
001 DLU180184902
005 ##20180516
040 # # |a DLU  |b vie 
041 # # |a vie 
044 # # |a vn 
100 # # |a Nguyễn Công Khanh. 
245 # # |a Nhìn lại tác động của quan hệ ASEAN-Trung Quốc đối với quan hệ Việt - Trung về tranh chấp chủ quyền trên biển giai đoạn 1991 - 2003 /  |c Nguyễn Công Khanh, Trương Công Vĩnh Khanh. 
653 # # |a ASEAN 
653 # # |a Biển Đông  
653 # # |a Tranh chấp chủ quyền 
653 # # |a Trung Quốc 
653 # # |a Việt Nam  
700 # # |a Trương Công Vĩnh Khanh. 
773 # # |t Nghiên cứu Đông Nam Á  |g Số 7, 2016, tr. 27-35 
920 # # |a Phòng Tạp chí -- Trung tâm Thông tin - Thư viện Trường Đại học Đà Lạt 
994 # # |a DLU 
900 # # |a True 
911 # # |a Hoàng Thị Huyền 
925 # # |a G 
926 # # |a A 
927 # # |a BB 
980 # # |a Thư viện Trường Đại học Đà Lạt